000 00609nam a2200217Ia 4500
005 20241129110937.0
008 241129s9999||||xx |||||||||||||| ||und||
020 _a978-1-350-18387-2
037 _aTB
040 _aCRL
_beng
_cCRL
041 _aeng
_2eng
084 _aV6 N5
_qCRL
100 _aRasmussen Ane Marie Bar Au.
_9722892
245 0 _aHistory of the quaker movement in Africa
_cRasmussen Ane Marie Bar Au.
260 _aLondon, UK
_bBloomsbury
_c2021
300 _axvii,168p.
365 _aUKP
_b28.99
650 _aAfrica History
942 _cTB
_hV6 N5
999 _c1228216
_d1228216